Per una república territorial : la unitat en la diversitat / presentat per Michel Mercier a la Missió Comuna d'informació la unitat en la diversitat / presentat per Michel Mercier a la Missió Comuna d'informació
Descripción Física:
6 p. ; 30 cm
Colección:
Ressenya ; 1
Otros Autores:
Mercier, Michel, pr
MARC
| LEADER | 00000nam a2200000Ia 4500 | ||
|---|---|---|---|
| 001 | 17055 | ||
| 008 | 160829s2001 xx 000 0 cat d | ||
| 080 | |a FU-32-16 | ||
| 245 | |a Per una república territorial : |b la unitat en la diversitat / presentat per Michel Mercier a la Missió Comuna d'informació | ||
| 250 | |a Ed. no venal | ||
| 260 | |a [Barcelona] : |b Flor de Maig. Diputació de Barcelona, |c 2001 | ||
| 300 | |a 6 p. ; |c 30 cm | ||
| 490 | |a Ressenya ; 1 | ||
| 590 | |a A la coberta: Diputació de Barcelona ; Flor de Maig, Centre per a la Innovació Local | ||
| 650 | 0 | |a Descentralització administrativa |z França |9 5527 | |
| 700 | |a Mercier, Michel, pr. |9 36183 | ||
| 710 | 2 | |a Centre per a la Innovació Local |9 54171 | |
| 901 | |a Arxiu | ||
| 942 | |n 1 |2 udc | ||
| 952 | |0 0 |1 0 |4 0 |6 FU3216 |7 1 |9 47206 |a Arxiu |b Arxiu |d 2016-12-01 |l 0 |o FU-32-16 |p 17055 |r 2016-12-01 00:00:00 |w 2016-12-01 |y ARXIU | ||
| 999 | |c 51003 |d 51003 | ||